[Event "24. Engiadina Open"]
[Site "?"]
[Date "2017.10.07"]
[Round "1.1"]
[White "Lenninger, Ralf"]
[Black "Wyss, Thomas"]
[Result "1/2-1/2"]
[WhiteElo "1915"]
[BlackElo "2251"]
[PlyCount "87"]
[EventDate "2017.??.??"]
[TimeControl "6000+730"]
[WhiteClock "0:18:00"]
[BlackClock "0:33:07"]

1. d4 Nf6 2. Bf4 e6 3. e3 c5 4. c3 b6 5. Nf3 Bb7 6. Nbd2 cxd4 7. cxd4 Be7 8. h3
a6 9. Bd3 d6 10. Qe2 Nc6 11. O-O Nb4 12. Bb1 a5 13. Rc1 Ba6 14. Qd1 O-O 15. Ne4
Nfd5 16. a3 Nxf4 17. exf4 Nd5 18. g3 Qd7 19. Nfg5 g6 20. h4 Bb7 21. h5 Kg7 22.
Bd3 b5 23. Qe2 Bc6 24. Rc2 b4 25. Qf1 f5 26. h6+ Kg8 27. Nd2 Bf6 28. Nxe6 Rfc8
29. Ng5 Bxd4 30. Nb3 Bb6 31. Rac1 Nf6 32. Bb5 Bxb5 33. Rxc8+ Rxc8 34. Rxc8+
Qxc8 35. Qxb5 Qb7 36. Qe2 Ne4 37. Nxe4 fxe4 38. Qg4 Kf7 39. f5 Qd5 40. fxg6+
hxg6 41. Qd7+ Kf6 42. h7 Qd1+ 43. Kh2 Qh5+ 44. Kg1 1/2-1/2

[Event "24. Engiadina Open"]
[Site "?"]
[Date "2017.10.07"]
[Round "1.2"]
[White "Rausch, Stephan"]
[Black "Frehner, Walter"]
[Result "1-0"]
[WhiteElo "2229"]
[BlackElo "1914"]
[PlyCount "50"]
[EventDate "2017.??.??"]
[TimeControl "6000+595"]
[WhiteClock "0:44:32"]
[BlackClock "0:49:48"]

1. d4 d5 2. Nf3 Nf6 3. Bg5 e6 4. e3 Be7 5. Nbd2 O-O 6. Bd3 Nbd7 7. O-O c5 8. c3
h6 9. Bh4 a6 10. Ne5 Bd6 11. f4 Qb6 12. Rf2 c4 13. Bf1 Qc7 14. g4 b5 15. Bg3
Ne4 16. Nxe4 dxe4 17. h4 Nxe5 18. fxe5 Be7 19. Bg2 Bb7 20. Kh2 g5 21. Qh1 Qc6
22. Kg1 Kg7 23. Raf1 Bd8 24. hxg5 hxg5 25. Rf6 Rh8 1-0

[Event "24. Engiadina Open"]
[Site "?"]
[Date "2017.10.07"]
[Round "1.3"]
[White "Göttin, Gerhard"]
[Black "Simon, Ralf-Axel"]
[Result "0-1"]
[WhiteElo "1910"]
[BlackElo "2214"]
[PlyCount "72"]
[EventDate "2017.??.??"]
[TimeControl "6000+1035"]
[WhiteClock "0:01:51"]
[BlackClock "0:02:59"]

1. e4 c5 2. Nf3 d6 3. d4 cxd4 4. Nxd4 Nf6 5. Nc3 a6 6. g3 e5 7. Nb3 Be6 8. Bg2
b5 9. O-O b4 10. Nd5 Nxd5 11. exd5 Bf5 12. Be3 Nd7 13. Rc1 a5 14. f4 h5 15.
fxe5 Bg4 16. Qe1 Nxe5 17. Nd4 Be7 18. Bf4 O-O 19. h3 Bd7 20. Kh1 Bf6 21. Qe2 g6
22. c4 bxc3 23. bxc3 Rc8 24. Nf3 Re8 25. Nxe5 Bxe5 26. Qf3 Qf6 27. Bxe5 Qxf3
28. Bxf3 Rxe5 29. g4 hxg4 30. hxg4 Bb5 31. Rf2 Re3 32. Rb1 Bd3 33. Rb6 Rxf3 34.
Rxf3 Be4 35. Kg2 Rxc3 36. Rb3 Bxf3+ {Rb1} 0-1

[Event "24. Engiadina Open"]
[Site "?"]
[Date "2017.10.07"]
[Round "1.4"]
[White "Fecker, Noah"]
[Black "Joller, Hans"]
[Result "1-0"]
[WhiteElo "2195"]
[BlackElo "1891"]
[PlyCount "88"]
[EventDate "2017.??.??"]
[TimeControl "6000+615"]
[WhiteClock "0:46:45"]
[BlackClock "0:59:07"]

1. Nf3 Nf6 2. c4 d5 3. cxd5 c6 4. dxc6 Nxc6 5. Nc3 e5 6. d3 e4 7. dxe4 Qxd1+ 8.
Nxd1 Nxe4 9. a3 Be7 10. e3 O-O 11. Nd2 Nc5 12. b4 Na4 13. Bb5 Bf6 14. Rb1 Nc3
15. Nxc3 Bxc3 16. Bxc6 bxc6 17. Bb2 Bxb2 18. Rxb2 a5 19. O-O axb4 20. axb4 Rd8
21. Rc1 Be6 22. h3 Rdc8 23. Ne4 f5 24. Nc5 Bd5 25. f3 Re8 26. Kf2 Ra3 27. Re2
Rb8 28. e4 fxe4 29. fxe4 Bf7 30. Rb2 Re8 31. Re1 Bc4 32. Re3 Ra1 33. Kg3 h6 34.
Rc2 Bb5 35. e5 Rb1 36. Re4 g5 37. Rd2 Kg7 38. Rd7+ Kg6 39. Rd6+ Kh7 40. e6 Kg7
41. e7 Rf1 42. Ne6+ Kf7 43. Nd8+ Kg7 44. Ree6 Rf6 1-0

[Event "24. Engiadina Open"]
[Site "?"]
[Date "2017.10.07"]
[Round "1.5"]
[White "Schaerer, Marc"]
[Black "Hugentobler, Patrik"]
[Result "1/2-1/2"]
[WhiteElo "1872"]
[BlackElo "2171"]
[PlyCount "66"]
[EventDate "2017.??.??"]
[TimeControl "6000+1120"]
[WhiteClock "0:45:24"]
[BlackClock "0:14:26"]

1. Nf3 Nf6 2. g3 d5 3. d4 e6 4. Bg2 Be7 5. O-O O-O 6. c4 c6 7. Nc3 b6 8. Bf4
Nh5 9. Bd2 Nf6 10. Rc1 a5 11. Ne5 Nfd7 12. Nxd7 Nxd7 13. Qa4 Ba6 14. cxd5 cxd5
15. Nb5 Nf6 16. Nc7 Bxe2 17. Rfe1 Rc8 18. Nxe6 fxe6 19. Rxc8 Qxc8 20. Rxe2 Kh8
21. Bf4 Ne4 22. Rc2 b5 23. Rxc8 bxa4 24. Rxf8+ Bxf8 25. Bh3 a3 26. bxa3 Bxa3
27. Bxe6 Nc3 28. Bd2 Bb2 29. Bxc3 Bxc3 30. Bxd5 Bxd4 31. a4 h6 32. Kf1 Kh7 33.
Ke2 Kg6 1/2-1/2

[Event "24. Engiadina Open"]
[Site "?"]
[Date "2017.10.07"]
[Round "1.6"]
[White "Eschmann, Patrick"]
[Black "Schweizer, Robert"]
[Result "1-0"]
[WhiteElo "2160"]
[BlackElo "1869"]
[PlyCount "55"]
[EventDate "2017.??.??"]
[TimeControl "6000+1675"]
[WhiteClock "0:14:01"]
[BlackClock "1:04:45"]

1. e4 c5 2. Nf3 Nc6 3. c3 d5 4. exd5 Qxd5 5. d4 e6 6. Be3 cxd4 7. cxd4 Nf6 8.
Nc3 Qd8 9. Bd3 Be7 10. O-O O-O 11. a3 a6 12. Qe2 b5 13. Rad1 Bb7 14. Bb1 Qc7
15. Rfe1 Rad8 16. Bg5 h6 17. Bc1 Na5 18. Ne5 Nc4 19. Rd3 Nd6 20. Rg3 Kh8 21.
Bxh6 gxh6 22. Qe3 Ng8 23. Rxg8+ Kxg8 24. Qxh6 Nf5 25. Bxf5 exf5 26. Re3 Rd6 27.
Rg3+ Rg6 28. Nxg6 1-0

[Event "24. Engiadina Open Zuoz"]
[Site "?"]
[Date "2017.10.07"]
[Round "1.16"]
[White "Kube, Hannelore"]
[Black "Gruber, Jürg"]
[Result "1-0"]
[WhiteElo "1925"]
[BlackElo "1564"]
[PlyCount "45"]
[EventDate "2017.??.??"]

1. c4 f5 2. d4 Nf6 3. g3 e6 4. Bg2 Be7 5. Nc3 O-O 6. Nf3 d6 7. O-O Qe8 8. Qc2
Nc6 9. e4 fxe4 10. Nxe4 Nxe4 11. Qxe4 Qh5 12. d5 Nd8 13. Nd4 e5 14. Qe2 Bg4 15.
f3 exd4 16. fxg4 Rxf1+ 17. Bxf1 Qe5 18. Qd3 Bf6 19. Bd2 Qe7 20. Bh3 Nf7 21. Rf1
Rf8 22. Qf5 Qe2 23. Rf2 1-0

[Event "24. Engiadina Open Zuoz"]
[Site "?"]
[Date "2017.10.07"]
[Round "1.14"]
[White "Schwab, Felix"]
[Black "Höcker, Horst"]
[Result "0-1"]
[WhiteElo "1938"]
[BlackElo "1609"]
[PlyCount "50"]
[EventDate "2017.??.??"]

1. e4 c5 2. b4 e6 3. bxc5 Bxc5 4. d4 Be7 5. Nf3 Qc7 6. Bd3 Nc6 7. O-O d6 8. Na3
a6 9. Nc4 b5 10. Ne3 Nf6 11. Bb2 Nb4 12. Re1 Bb7 13. Nf1 O-O 14. Ng3 Rac8 15.
Re2 Nd7 16. a4 Nxd3 17. Qxd3 bxa4 18. Rxa4 Qb6 19. Ba3 a5 20. Qd2 Ba6 21. Re1
Bd8 22. d5 Bb5 23. dxe6 Bxa4 24. exd7 Rxc2 25. Qxd6 Qxf2+ 0-1

[Event "24. Engiadina Open Zuoz"]
[Site "?"]
[Date "2017.10.07"]
[Round "1.13"]
[White "Sprenger, Paul"]
[Black "Arquint, Andri"]
[Result "0-1"]
[WhiteElo "1629"]
[BlackElo "1945"]
[PlyCount "66"]
[EventDate "2017.??.??"]

1. d4 Nf6 2. c4 e6 3. Nc3 Bb4 4. Bg5 O-O 5. Nf3 h6 6. Bh4 b6 7. e3 Bb7 8. Bd3
d6 9. O-O Bxc3 10. bxc3 Nbd7 11. Re1 Qe7 12. e4 e5 13. d5 g5 14. Bxg5 hxg5 15.
Qd2 Nh7 16. Re3 f6 17. h3 Rf7 18. Nh2 Nhf8 19. Ng4 Rh7 20. Rf1 Nc5 21. Bc2 Ng6
22. f4 gxf4 23. Ref3 Bc8 24. Nf2 Bd7 25. Kh2 Kh8 26. g3 fxg3+ 27. Rxg3 Nf4 28.
Rfg1 Rh5 29. Bd1 Rxh3+ 30. Rxh3+ Bxh3 31. Bg4 Rg8 32. Qe3 Qh7 33. Qf3 a5 {...}
0-1

[Event "24. Engiadina Open Zuoz"]
[Site "?"]
[Date "2017.10.07"]
[Round "1.9"]
[White "Brönnimann, Peter"]
[Black "Vilaseca, Laurent"]
[Result "0-1"]
[WhiteElo "1742"]
[BlackElo "2048"]
[PlyCount "50"]
[EventDate "2017.??.??"]

1. d4 d5 2. Bf4 Nf6 3. e3 c5 4. Nd2 Qb6 5. dxc5 Qxb2 6. Nb3 e5 7. Bg3 Ne4 8.
Bb5+ Bd7 9. Bxd7+ Nxd7 10. Ne2 Nxg3 11. hxg3 Nf6 12. Qc1 Qxc1+ 13. Nexc1 Rc8
14. Nd3 e4 15. Nf4 Bxc5 16. Nxc5 Rxc5 17. Kd2 g6 18. Rab1 b6 19. Rb3 O-O 20.
Rc3 Rfc8 21. Rxc5 Rxc5 22. Ne2 Ng4 23. f3 Ne5 24. Nd4 Ra5 25. Ra1 Ra3 0-1

[Event "24. Engiadina Open"]
[Site "?"]
[Date "2017.10.08"]
[Round "2.1"]
[White "Remensberger, Hansueli"]
[Black "Rausch, Stephan"]
[Result "0-1"]
[WhiteElo "2073"]
[BlackElo "2229"]
[PlyCount "82"]
[EventDate "2017.??.??"]
[TimeControl "6000+870"]
[WhiteClock "0:01:29"]
[BlackClock "0:19:20"]

1. Nf3 d5 2. g3 c6 3. Bg2 Bg4 4. O-O Nd7 5. h3 Bxf3 6. exf3 Ngf6 7. f4 g6 8. d3
Bg7 9. c4 O-O 10. Nc3 dxc4 11. dxc4 Nb6 12. Qe2 Re8 13. Rd1 Qc7 14. Be3 e6 15.
a4 Rad8 16. Rxd8 Rxd8 17. a5 Nc8 18. Qf3 a6 19. Qe2 Bf8 20. Qc2 Rd7 21. Ne2 Qd8
22. Qb3 Nh5 23. g4 Ng7 24. Ng3 Be7 25. Bf3 Ne8 26. Kg2 Nf6 27. h4 Bd6 28. g5
Ne8 29. h5 Bf8 30. hxg6 hxg6 31. Be4 Ned6 32. Bc2 Nf5 33. Ne4 Bg7 34. Nc5 Nxe3+
35. fxe3 Rd2+ 36. Kf3 Nd6 37. e4 e5 38. Rg1 exf4 39. Nd3 Nxe4 40. Nxf4 Rf2+ 41.
Kxe4 Qd4# 0-1

[Event "24. Engiadina Open"]
[Site "?"]
[Date "2017.10.08"]
[Round "2.2"]
[White "Simon, Ralf-Axel"]
[Black "Reiss, Siegfried"]
[Result "1-0"]
[WhiteElo "2214"]
[BlackElo "2088"]
[PlyCount "44"]
[EventDate "2017.??.??"]
[TimeControl "6000+1610"]
[WhiteClock "0:10:38"]
[BlackClock "0:10:27"]

1. Nf3 d5 2. e3 Nf6 3. c4 Nc6 4. cxd5 Nxd5 5. a3 e6 6. d4 Be7 7. e4 Nf6 8. Nc3
O-O 9. h3 a6 10. Be3 b5 11. Bd3 Bb7 12. O-O b4 13. Ne2 Re8 14. Qc2 h6 15. Rfd1
Bf8 16. Nd2 bxa3 17. bxa3 e5 18. d5 Na5 19. Rab1 Rb8 20. Qc3 c6 21. Bb6 Qd7 22.
Qxa5 Bc8 1-0

[Event "24. Engiadina Open"]
[Site "?"]
[Date "2017.10.08"]
[Round "2.3"]
[White "Arquint, Andri"]
[Black "Fecker, Noah"]
[Result "0-1"]
[WhiteElo "1967"]
[BlackElo "2195"]
[PlyCount "144"]
[EventDate "2017.??.??"]
[TimeControl "6000+1005"]
[WhiteClock "0:00:36"]
[BlackClock "0:04:17"]

1. Nf3 Nf6 2. g3 b5 3. a4 b4 4. Bg2 Bb7 5. c3 e6 6. O-O c5 7. cxb4 cxb4 8. d3
d5 9. Nbd2 Be7 10. b3 O-O 11. Bb2 Nbd7 12. Rc1 Qa5 13. Qc2 Rfc8 14. Qb1 Nc5 15.
Rc2 Qd8 16. Rfc1 Bd6 17. Qa1 Ne8 18. Bd4 Qe7 19. Qb2 f6 20. Bxc5 Bxc5 21. Bh3
Rc7 22. Nd4 Bxd4 23. Qxd4 Rxc2 24. Rxc2 Rc8 25. Rxc8 Bxc8 26. e4 dxe4 27. Nxe4
Kf8 28. Qc5 Qxc5 29. Nxc5 Ke7 30. d4 Nc7 31. f4 a5 32. Bg2 Na6 33. Nb7 Bxb7 34.
Bxb7 Nb8 35. Kf2 Kd6 36. Ke3 Nd7 37. g4 h6 38. Ke4 g6 39. Ba6 Nb6 40. f5 exf5+
41. gxf5 g5 42. Bb7 Kc7 43. Ba6 Kc6 44. Be2 Kd6 45. Bh5 Nd5 46. Bf7 Nf4 47. h4
Ne2 48. hxg5 hxg5 49. Kd3 Nf4+ 50. Ke4 Ke7 51. Bc4 Kd6 52. Bf7 Ne2 53. Kd3 Nc3
54. Bh5 Nd5 55. Bf3 Ne7 56. Be4 g4 57. Ke3 Nd5+ 58. Kf2 Nf4 59. Ke3 Nd5+ 60.
Kf2 Nc3 61. Bb7 Na2 62. Ba6 g3+ 63. Kxg3 Kd5 64. Kg4 Kxd4 65. Kh5 Ke5 66. Kg6
Nc3 67. Bc4 Nd1 68. Be6 Ne3 69. Bc8 Nc2 70. Be6 Nd4 71. Kf7 Nxf5 72. Bd7 Nd4
0-1

[Event "24. Engiadina Open"]
[Site "?"]
[Date "2017.10.08"]
[Round "2.4"]
[White "Hoecker, Horst"]
[Black "Eschmann, Patrick"]
[Result "0-1"]
[WhiteElo "1609"]
[BlackElo "2160"]
[PlyCount "46"]
[EventDate "2017.??.??"]
[TimeControl "6000+725"]
[WhiteClock "0:58:33"]
[BlackClock "0:44:13"]

1. c4 c5 2. Nc3 Nc6 3. Nf3 e6 4. g3 d5 5. cxd5 exd5 6. d4 Nf6 7. Bg2 Bg4 8.
dxc5 d4 9. Nb5 Qa5+ 10. Qd2 Qxb5 11. O-O Bxc5 12. h3 Bxf3 13. Bxf3 O-O 14. a3
Ne5 15. b4 Nxf3+ 16. exf3 Bb6 17. Bb2 Rfe8 18. a4 Qe2 19. Rad1 Qxf3 20. a5 Bc7
21. Bxd4 Rad8 22. Qc1 Bxg3 23. Bxf6 Bxf2+ 0-1

[Event "24. Engiadina Open"]
[Site "?"]
[Date "2017.10.08"]
[Round "2.5"]
[White "Schunk, Thomas"]
[Black "Müller, Werner"]
[Result "1-0"]
[WhiteElo "2111"]
[BlackElo "2062"]
[PlyCount "51"]
[EventDate "2017.??.??"]
[TimeControl "6000+805"]
[WhiteClock "0:59:56"]
[BlackClock "0:03:30"]

1. c4 g6 2. Nc3 c5 3. Nf3 Nc6 4. d4 cxd4 5. Nxd4 Nf6 6. e4 d6 7. Be2 Nxd4 8.
Qxd4 Bg7 9. O-O O-O 10. Qd2 Be6 11. Rb1 a6 12. a4 Rc8 13. b3 Qb6 14. Bb2 Nd7
15. Nd1 Bxb2 16. Rxb2 Qc6 17. f3 b6 18. Ne3 a5 19. Nc2 Qc5+ 20. Kh1 Qe5 21. Nd4
Nc5 22. Bd1 Bd7 23. Re1 Ne6 24. Ne2 Bc6 25. Nc3 Bb7 26. Nd5 1-0

[Event "24. Engiadina Open"]
[Site "?"]
[Date "2017.10.08"]
[Round "2.6"]
[White "Fecker, Sina"]
[Black "Remensberger, Paul"]
[Result "0-1"]
[WhiteElo "1426"]
[BlackElo "2111"]
[PlyCount "116"]
[EventDate "2017.??.??"]
[TimeControl "6000+880"]
[WhiteClock "0:44:36"]
[BlackClock "0:53:06"]

1. e4 e6 2. d4 d5 3. exd5 exd5 4. Nf3 Bd6 5. Bd3 Bg4 6. O-O Ne7 7. h3 Bh5 8.
Be3 Nbc6 9. Nc3 Qd7 10. Re1 O-O-O 11. Bb5 f6 12. Ba4 g5 13. Ne5 Qe8 14. Nxc6
Bxd1 15. Nxa7+ Kb8 16. Bxe8 Bxc2 17. Nab5 Rhxe8 18. Rec1 Bd3 19. a4 c6 20. Nxd6
Rxd6 21. b4 Nf5 22. Bd2 Nxd4 23. Rd1 Nb3 24. Ra2 Bc4 25. Rb2 Nxd2 26. Rdxd2 b5
27. a5 Rde6 28. Nd1 Re1+ 29. Kh2 R8e2 30. Rxe2 Rxe2 31. Rxe2 Bxe2 32. Ne3 d4
33. Nf5 d3 34. Ne3 d2 35. Kg3 d1=Q 36. Nxd1 Bxd1 37. f4 c5 38. bxc5 b4 39. fxg5
fxg5 40. c6 Kc7 41. a6 Kxc6 42. h4 b3 43. a7 Kb7 44. hxg5 b2 45. a8=Q+ Kxa8 46.
g6 hxg6 47. Kf4 b1=Q 48. Ke5 Kb7 49. Kd4 Kc6 50. Ke5 Qf5+ 51. Kd4 Qf4+ 52. Kc3
Kc5 53. Kd3 Bc2+ 54. Kc3 Qe3+ 55. Kb2 Kb4 56. g4 Qb3+ 57. Kc1 Kc3 58. g5 Qa3#
0-1

[Event "24. Engiadina Open Zuoz"]
[Site "?"]
[Date "2017.10.08"]
[Round "2.8"]
[White "Wyss, Thomas"]
[Black "Plüss, Rudolf"]
[Result "1-0"]
[WhiteElo "2251"]
[BlackElo "1573"]
[PlyCount "63"]
[EventDate "2017.??.??"]

1. e4 c5 2. Nf3 Nc6 3. d4 cxd4 4. Nxd4 a6 5. c4 e5 6. Ne2 Nf6 7. Nec3 Be7 8.
Bd3 O-O 9. O-O d6 10. b3 Bd7 11. a4 Be6 12. Nd5 Bxd5 13. cxd5 Na5 14. Nd2 b6
15. b4 Nb7 16. f3 a5 17. Bb5 axb4 18. Nc4 Nc5 19. Be3 Qc7 20. Rf2 Qd8 21. Rb2
b3 22. Bxc5 bxc5 23. Rxb3 Nh5 24. Bc6 Ra7 25. a5 Nf4 26. a6 Qc8 27. Rb7 Rxb7
28. Bxb7 Nh3+ 29. gxh3 Qxh3 30. a7 Bg5 31. a8=Q Bf4 32. Qa2 1-0

[Event "24. Engiadina Open Zuoz"]
[Site "?"]
[Date "2017.10.08"]
[Round "2.10"]
[White "Rusconi, Benito"]
[Black "Schaerer, Marc"]
[Result "1-0"]
[WhiteElo "1927"]
[BlackElo "1872"]
[PlyCount "49"]
[EventDate "2017.??.??"]

1. e4 e6 2. d4 d5 3. Nd2 c5 4. exd5 Qxd5 5. Ngf3 cxd4 6. Bc4 Qd8 7. O-O Nf6 8.
Nb3 Be7 9. Nbxd4 O-O 10. Qe2 a6 11. Bg5 Qc7 12. Bd3 Nc6 13. Nxc6 Qxc6 14. Rad1
Rd8 15. Ne5 Qb6 16. Ng4 Qxb2 17. Bxf6 Bxf6 18. Bxh7+ Kxh7 19. Rxd8 Bxd8 20.
Qd3+ g6 21. Qxd8 Kg7 22. Rd1 Qc3 23. h3 b5 24. Qe7 a5 25. Rd8 1-0

[Event "24. Engiadina Open Zuoz"]
[Site "?"]
[Date "2017.10.08"]
[Round "2.13"]
[White "Saxer, Bruno"]
[Black "Göttin, Gehard"]
[Result "1-0"]
[WhiteElo "1722"]
[BlackElo "1910"]
[PlyCount "95"]
[EventDate "2017.??.??"]

1. e4 c5 2. Nf3 d6 3. c3 Nf6 4. Bc4 e6 5. d3 Be7 6. O-O O-O 7. Re1 Nbd7 8. Nbd2
a6 9. a4 Rb8 10. Nf1 b5 11. axb5 axb5 12. Bb3 Bb7 13. Bg5 h6 14. Bh4 Qc7 15.
Qd2 Nb6 16. e5 dxe5 17. Nxe5 c4 18. dxc4 bxc4 19. Bc2 Nbd5 20. Bg3 Bd6 21. Qe2
Nb6 22. Rad1 Rbd8 23. Rd2 Bd5 24. Red1 Nfd7 25. Nxd7 Rxd7 26. Bxd6 Rxd6 27. Ne3
Rfd8 28. Ng4 Qe7 29. Rd4 Nd7 30. Rxd5 Rxd5 31. Rxd5 Ra8 32. h3 Nb6 33. Rd1 Ra5
34. Qe3 Nd7 35. Qf4 f5 36. Qc7 Rd5 37. Rxd5 exd5 38. Bxf5 Qe1+ 39. Kh2 Nf8 40.
Qc5 Qe2 41. Qe3 Qxb2 42. Be6+ Kh7 43. Bxd5 Qb8+ 44. g3 h5 45. Qe4+ Kh8 46. Ne5
Qa7 47. Nf7+ Kg8 48. Qf5 1-0

[Event "24. Engiadina Open Zuoz"]
[Site "?"]
[Date "2017.10.08"]
[Round "2.16"]
[White "Fenner, Donat"]
[Black "Fecker, Jan"]
[Result "0-1"]
[WhiteElo "1698"]
[BlackElo "1804"]
[PlyCount "106"]
[EventDate "2017.??.??"]

1. f4 Nf6 2. Nf3 c5 3. e3 d5 4. b3 e6 5. Bb2 Be7 6. Be2 Nbd7 7. O-O b6 8. Bb5
a6 9. Bxd7+ Bxd7 10. Qe2 b5 11. d3 O-O 12. Nbd2 Bc6 13. Ne5 Bb7 14. Ndf3 Rc8
15. Rad1 Qb6 16. Kh1 a5 17. Rb1 Qc7 18. Rbc1 Ne8 19. Qe1 f6 20. Ng4 Nd6 21. Nf2
Rfd8 22. Ng4 c4 23. Nd4 Qd7 24. Bc3 b4 25. Bb2 c3 26. Ba1 Nb5 27. Nxb5 Qxb5 28.
d4 Qd7 29. Qe2 Bd6 30. Qf3 Rf8 31. Qe2 Qe7 32. Rce1 e5 33. Qd3 Qd7 34. Nf2 exf4
35. exf4 Rfe8 36. g3 Rxe1 37. Rxe1 Re8 38. Qd1 Rxe1+ 39. Qxe1 Kf7 40. Kg2 Ba6
41. Qe3 Qf5 42. Qf3 Qe6 43. Nd3 Bxd3 44. Qxd3 Qe4+ 45. Qxe4 dxe4 46. Kf2 Ke6
47. Ke3 Kd5 48. g4 Bc7 49. h3 Bb6 50. Bxc3 bxc3 51. a4 Bxd4+ 52. Ke2 Bc5 53. f5
Kd4 0-1

[Event "24. Engiadina Open"]
[Site "?"]
[Date "2017.10.09"]
[Round "3.1"]
[White "Eschmann, Patrick"]
[Black "Simon, Ralf-Axel"]
[Result "0-1"]
[WhiteElo "2160"]
[BlackElo "2214"]
[PlyCount "108"]
[EventDate "2017.??.??"]
[TimeControl "6000+2380"]
[WhiteClock "0:30:49"]
[BlackClock "0:02:35"]

1. e4 c5 2. Nf3 d6 3. c3 Nf6 4. Be2 g6 5. O-O Bg7 6. Re1 O-O 7. Bf1 Nc6 8. h3
e5 9. d4 cxd4 10. cxd4 exd4 11. Nxd4 Nxd4 12. Qxd4 Re8 13. Qd3 Bf5 14. Nc3 d5
15. Bg5 dxe4 16. Qxd8 Raxd8 17. g4 Be6 18. Nxe4 Nxe4 19. Bxd8 Nd2 20. Rxe6 fxe6
21. Ba5 Bxb2 22. Rd1 Nxf1 23. Kxf1 Bf6 24. Rd7 Re7 25. Rd8+ Kg7 26. Bb4 Rf7 27.
Rd3 Rc7 28. a4 e5 29. f3 Kf7 30. Ke2 Be7 31. Bc3 Bg5 32. a5 Ke6 33. Bb4 Rc2+
34. Kd1 Rc6 35. Be1 Rd6 36. Kc2 Rxd3 37. Kxd3 Kd5 38. Bf2 a6 39. Bb6 Be7 40.
Ke3 Bc5+ 41. Bxc5 Kxc5 42. Ke4 Kd6 43. g5 b6 44. axb6 a5 45. b7 Kc7 46. Kxe5 a4
47. Kd4 Kxb7 48. f4 a3 49. Kc3 Kc6 50. h4 Kd6 51. f5 gxf5 52. h5 Ke6 53. g6
hxg6 54. h6 Kf7 0-1

[Event "24. Engiadina Open"]
[Site "?"]
[Date "2017.10.09"]
[Round "3.2"]
[White "Fecker, Noah"]
[Black "Vilaseca, Laurent"]
[Result "1-0"]
[WhiteElo "2195"]
[BlackElo "2092"]
[PlyCount "53"]
[EventDate "2017.??.??"]
[TimeControl "6000+765"]
[WhiteClock "0:20:55"]
[BlackClock "0:18:56"]

1. e4 c5 2. d3 Nc6 3. g3 d6 4. Bg2 e6 5. f4 g6 6. Nf3 Bg7 7. O-O Nge7 8. c3 O-O
9. Be3 Bd7 10. Bf2 Rb8 11. Nbd2 b5 12. d4 c4 13. e5 d5 14. b4 cxb3 15. axb3 a5
16. Ne1 b4 17. c4 Bc8 18. Nc2 dxc4 19. Nxc4 Ba6 20. Re1 Nd5 21. Qd2 Qc7 22.
N2e3 Rfd8 23. Nxd5 exd5 24. Ne3 Ne7 25. Rec1 Qb6 26. Rc5 Bb7 27. Raxa5 1-0

[Event "24. Engiadina Open"]
[Site "?"]
[Date "2017.10.09"]
[Round "3.3"]
[White "Remensberger, Paul"]
[Black "Wyss, Thomas"]
[Result "0-1"]
[WhiteElo "2111"]
[BlackElo "2251"]
[PlyCount "112"]
[EventDate "2017.??.??"]
[TimeControl "6000+860"]
[WhiteClock "0:41:29"]
[BlackClock "0:14:08"]

1. Nf3 d5 2. g3 Nc6 3. d4 Bf5 4. Bg2 Nb4 5. Na3 c6 6. O-O e6 7. c3 Na6 8. Qb3
Qb6 9. Bf4 h6 10. h4 Nf6 11. Rac1 Be7 12. Nd2 Nh5 13. Be3 O-O 14. c4 Nb8 15.
Bf3 Bg6 16. Kg2 Nd7 17. cxd5 exd5 18. Nc2 Bd6 19. Qxb6 axb6 20. a3 Rfe8 21. g4
Nf4+ 22. Bxf4 Bxf4 23. e3 Bd6 24. Nb1 b5 25. Nc3 Nb6 26. Be2 Nc4 27. Bxc4 bxc4
28. Rfe1 f5 29. gxf5 Bxf5 30. Nb4 Re6 31. Rg1 Rf8 32. Ne2 Be4+ 33. Kf1 Bh2 34.
Rg4 Bf3 35. Rg2 Bxg2+ 36. Kxg2 Rg6+ 37. Kf1 Rf3 38. Rc2 Rgf6 39. Nc3 Bg3 40.
Nd1 Bxh4 41. Rd2 g5 42. Nc2 g4 43. Ne1 R3f5 44. Kg2 Rf7 45. Kg1 h5 46. Ng2 Bg5
47. Re2 h4 48. Ne1 h3 49. e4 dxe4 50. Rxe4 Rf4 51. Re8+ Kg7 52. Ne3 Rxd4 53.
N1c2 Rdf4 54. Re5 Bh4 55. f3 Rxf3 56. Nd4 Rxe3 0-1

[Event "24. Engiadina Open"]
[Site "?"]
[Date "2017.10.09"]
[Round "3.4"]
[White "Frehner, Walter"]
[Black "Hugentobler, Patrik"]
[Result "1-0"]
[WhiteElo "1914"]
[BlackElo "2171"]
[PlyCount "111"]
[EventDate "2017.??.??"]
[TimeControl "6000+1245"]
[WhiteClock "0:22:49"]
[BlackClock "0:12:31"]

1. d4 Nf6 2. c4 e6 3. Nf3 d5 4. Nc3 Be7 5. Bg5 h6 6. Bh4 O-O 7. e3 b6 8. Bd3
Bb7 9. O-O c5 10. Rc1 Nbd7 11. Re1 Ne4 12. Bxe7 Qxe7 13. Qc2 Nxc3 14. bxc3 e5
15. cxd5 Bxd5 16. e4 Bb7 17. d5 Nf6 18. c4 Ne8 19. a4 Bc8 20. Qc3 f6 21. h3 Nc7
22. a5 Na6 23. Ra1 Bb7 24. Nh4 Rfb8 25. Nf5 Qf8 26. Ra3 Nb4 27. Rea1 g6 28. Ne3
Qd6 29. Nc2 Bc8 30. Rb3 bxa5 31. Rxa5 a6 32. Nxb4 Rxb4 33. Rxb4 cxb4 34. Qa1
Qd8 35. c5 b3 36. Ra3 Qc7 37. c6 Rb8 38. Qb2 Qb6 39. Bc4 Qb4 40. Rxb3 Qe1+ 41.
Kh2 Rxb3 42. Qxb3 Qxf2 43. d6+ Kf8 44. Qf3 Qxf3 45. gxf3 a5 46. Bb5 Kf7 47. Kg3
Ke6 48. d7 Bxd7 49. cxd7 Ke7 50. h4 h5 51. f4 Kd8 52. Kf3 Ke7 53. Ke3 Kd8 54.
fxe5 fxe5 55. Kd3 Ke7 56. Kc4 1-0

[Event "24. Engiadina Open"]
[Site "?"]
[Date "2017.10.09"]
[Round "3.5"]
[White "Reiss, Siegfried"]
[Black "Joller, Hans"]
[Result "0-1"]
[WhiteElo "2088"]
[BlackElo "1891"]
[PlyCount "72"]
[EventDate "2017.??.??"]
[TimeControl "6000+1760"]
[WhiteClock "0:01:02"]
[BlackClock "0:53:08"]

1. d4 Nf6 2. Nc3 d5 3. e4 dxe4 4. f3 c5 5. d5 e5 6. fxe4 Bg4 7. Nf3 Nbd7 8. Be2
a6 9. a4 Bd6 10. O-O O-O 11. Qe1 Re8 12. Nh4 Bxe2 13. Qxe2 g6 14. Bg5 c4 15. a5
Kg7 16. Rf3 h6 17. Bxf6+ Nxf6 18. Raf1 Be7 19. d6 Qxd6 20. Qf2 Qc6 21. Nd5 Bc5
22. Rxf6 Bxf2+ 23. R1xf2 Re6 24. Rxf7+ Kg8 25. Rc7 Qa4 26. Rff7 Qa1+ 27. Kf2
Rf8 28. Rxf8+ Kxf8 29. Rc8+ Kf7 30. Rc7+ Ke8 31. Rxb7 Kd8 32. Rb8+ Kd7 33. Rb7+
Kc8 34. Rg7 Qd1 35. Nb6+ Kd8 36. Nxg6 Qd2+ {Rf7 Qd6} 0-1

[Event "24. Engiadina Open"]
[Site "?"]
[Date "2017.10.09"]
[Round "3.6"]
[White "Fecker, Jan"]
[Black "Remensberger, Hansueli"]
[Result "1-0"]
[WhiteElo "1804"]
[BlackElo "2073"]
[PlyCount "191"]
[EventDate "2017.??.??"]
[TimeControl "6000+785"]
[WhiteClock "0:41:19"]
[BlackClock "0:09:42"]

1. e4 d6 2. d4 Nf6 3. Bd3 e5 4. Ne2 Nc6 5. d5 Nb4 6. c4 Bd7 7. Nbc3 Be7 8. Bb1
a5 9. a3 Na6 10. b3 O-O 11. O-O c6 12. Ng3 cxd5 13. exd5 g6 14. Kh1 Nc5 15. Bc2
Ne8 16. Bh6 Ng7 17. f4 exf4 18. Bxf4 Re8 19. Rb1 Bc8 20. b4 axb4 21. axb4 Nd7
22. Nge4 Nf6 23. Bxd6 Nxe4 24. Nxe4 Bxd6 25. Nf6+ Kh8 26. Nxe8 Qxe8 27. c5 Bf8
28. Qf3 Bf5 29. Bxf5 Nxf5 30. Rfe1 Qd7 31. c6 bxc6 32. dxc6 Qc7 33. b5 Rb8 34.
Qc3+ Bg7 35. Qc5 Bd4 36. Qa3 Nd6 37. Qd3 Bg7 38. Rec1 h6 39. b6 Rxb6 40. Rxb6
Qxb6 41. Qxd6 Qe3 42. Rd1 Kh7 43. Qd7 Qf4 44. c7 Be5 45. Qxf7+ Qxf7 46. c8=Q
Bg7 47. Qa6 h5 48. Rf1 Qd5 49. Qe2 Qd4 50. Rd1 Qf4 51. g3 Qf5 52. Kg2 Qc8 53.
Rf1 Qd7 54. h3 Qd5+ 55. Qf3 Qd2+ 56. Rf2 Qd4 57. g4 hxg4 58. hxg4 Qe5 59. Re2
Qb5 60. Rd2 Qa5 61. Qd5 Qxd5+ 62. Rxd5 Kh6 63. Kg3 Bc3 64. Kf3 Bb2 65. Kf4 Bc1+
66. Kg3 Bg5 67. Rb5 Bd2 68. Rb2 Bg5 69. Rh2+ Kg7 70. Kf3 Be7 71. Ke4 Kf6 72.
Rh7 Bd6 73. Ra7 Kg5 74. Kf3 Bb8 75. Rb7 Bd6 76. Rb5+ Kh6 77. Ke4 Bg3 78. Rd5
Bh4 79. Kf4 Bf2 80. Ke4 Bg3 81. Kd3 Bf4 82. Kc4 Be3 83. Kb5 Bf4 84. Kc6 g5 85.
Kd7 Kg6 86. Ke7 Kg7 87. Ke6 Kg6 88. Rd8 Kg7 89. Kf5 Kf7 90. Rd7+ Kf8 91. Kg6
Ke8 92. Rf7 Bd2 93. Rf5 Bc1 94. Rxg5 Bxg5 95. Kxg5 Kf7 96. Kh6 1-0